000 00445nam a22001577a 4500
005 20251108164046.0
008 250721s2000 xx 000 0 ara d
082 1 4 _a658.3/هين
100 1 _aالهينتي، خالد عبد الرحيم
245 1 0 _aإدارة الموارد البشرية /
264 1 _aعمان :
_bالحامد،
_c2000.
300 _a289ص
650 1 7 _aإدارة الأفراد
942 _2ddc
_cBK
999 _c2569
_d2569